Statystyki dla Woda

Kliknij tutaj aby rozwiązać quiz!

Ogólne statystyki

  • Ten quiz został rozwiązany 34 razy
  • Średni wynik to 3 z 6

Statystyki odpowiedzi

Woda% Poprawnych
3.woda gazowana
88%
1.woda mineralna
88%
2.woda niegazowana
63%
6.woda słodka
50%
4.woda morska
38%
5.woda sodowa
13%

Rozkład punktacji

Percentyl według liczby udzielonych odpowiedzi

Procent ludzi z każdym wynikiem

Twoja historia wyników

Nie rozwiązałeś tego quizu